On This Day: May 16th II Quiz Stats

 Plays Quiz Updated May 16, 2018

Challenge
Share
Tweet
Embed
Score 0/7 Timer 03:00
0 Plays Today
Question Answer Wrong Answers
Celebrating the mutual respect between Britain and the US, Queen ______ II addresses a joint session of Congress, the first British monarch to do so.
1991
Elizabeth
97.1%
Anne
0.8%
Diana
0.6%
Margaret
0.8%
The United Kingdom and the French Third Republic sign the secret wartime Sykes-Picot Agreement, partitioning former ______ territories such as Iraq and Syria.
1916
Ottoman
86.5%
German
7.4%
Bulgarian
2.3%
Dervish
3.6%
In the United States Senate, this President is acquitted in his impeachment trial by one vote.
1868
Andrew Johnson
81.2%
James Buchanan
8.6%
Franklin Pierce
4%
Millard Fillmore
6.2%
Mobutu Sese Seko, the longtime military dictator of this country (which he had renamed Zaire), flees in exile as rebels overtake the country.
1997
Democratic Republic of the Congo
67.2%
Sudan
7.3%
Angola
8%
Tanzania
16.4%
After a 35-23 National Assembly vote, this small nation on the Persian Gulf permits women’s suffrage.
2005
Kuwait
66.4%
Yemen
22.5%
Eritrea
6.2%
Azerbaijan
3.7%
This Irish-American actor, the fifth actor to portray secret agent James Bond on film, is born.
1953
Pierce Brosnan
65.6%
Daniel Craig
20.7%
Timothy Dalton
10.6%
George Lazenby
2.7%
This man is elected President for Life of Yugoslavia.
1974
Josip Broz Tito
49.8%
Slobodan Milošević
32.2%
Nicolae Ceaușescu
13.3%
Aleksandar Vučić
4.1%

You're not logged in!

Compare scores with friends on all Sporcle quizzes.
OR
Log In

You Might Also Like...

Show Comments

Extras

Top Quizzes Today


Score Distribution

Your Account Isn't Verified!

In order to create a playlist on Sporcle, you need to verify the email address you used during registration. Go to your Sporcle Settings to finish the process.

Report this User

Report this user for behavior that violates our Community Guidelines.

Details: